000 00565nam a22002057a 4500
005 20230106111441.0
008 230106b ||||| |||| 00| 0 eng d
040 _cAL
041 _aEnglish
082 _223
_a294.5
_bRAMW
100 _aRamendra
_968681
245 _aWhy Iam Not A Hindu and Why I Do Not Want Ramrajya
260 _aPatna
_bBihar Rationalist Society
_c1995
300 _a53 p.
_bHB
_c21.7x14 cm.
650 _aIndia
_968682
650 _aSocial conditions
_968683
650 _aHinduism
_968684
700 _aRAMENDRA
_968685
942 _2ddc
_cDB
999 _c226286
_d226286